| 000 | 00726nam a2200193Ii 4500 | ||
|---|---|---|---|
| 003 | JO-AjNU | ||
| 008 | 230605s9999||||xx |||||||||||||| ||und|| | ||
| 040 |
_aJO-AjNU _bara _erda _cJO-AjNU |
||
| 041 | _aara | ||
| 050 | 1 | 4 | _aGB54.5 2005 |
| 100 | 3 |
_aأبو راضي، فتحي عبد العزيز, _eauthor _919761 |
|
| 245 | 0 | 0 | _aالأصول العامة في الجغرافية الحيوية: النبات والحيوان |
| 264 | 3 | 1 | _aالازاريطة: دارالمعرفة الجامعية، 2005 |
| 300 |
_a398ص _bصور توضيحية |
||
| 336 |
_atext _btxt _2rdacontent |
||
| 337 |
_aunmediated _bn _2rdamedia |
||
| 338 |
_avolume _bnc _2rdacarrier |
||
| 650 | 4 |
_aالجغرافية-المناخ-الطقس _919762 |
|
| 999 |
_aA6578 _c10146 _d10146 |
||